000
00318nam a22001337a 4500
003
SGT
020
_a
978-93-92787-43-0
082
_a
620
_b
DAH
100
_a
DAHIYA, DR. MANITA
245
_a
TECHNIQUES AND APPLICATIONS IN ENGINEERING SCIENCE
260
_a
INDIA
_b
S.S. PUB.
_c
2022
300
_a
197
942
_2
ddc
_c
BK
999
_c
24593
_d
24593